000 00615nam a22002297a 4500
003 UA-OsUOA
001 98110
007 ta
008 20130409b un ||||| |||| 00| 0 ukr d
100 _aОсеева В.А.
090 _a821.161.1
_bО-72
942 _cBK
040 _aUA-OsUOA
_brus
_cUA-OsUOA
_dUA-OsUOA
245 _aВасек Трубачев и его товарищи
_bКн.1
300 _a270 с.
955 _a3
041 _arus
080 _a821.161.1
260 _aМ.
_bДетгиз
_c1953
650 7 _a82 Література. Літературознавство
_2UDC
999 _c385138
_d385138